000 00527nam a2200181Ia 4500
008 100917s9999 xx 000 0 und d
082 _b28888
100 _aपरब का. पां.
245 _aरघु-वंश (कालिदास)
260 _b---
_c1847
300 _a276
365 _b1.25
520 _aअध्यात्म
630 _aरघु-वंश (कालिदास)
650 _aअध्यात्म
730 _aरघु-वंश (कालिदास)
942 _cBOOK
999 _c634282
_d634279